000 006960000a22001930004500
090 _aAS
_bSERIADAS
100 1 _aDuque, Guillermo
_9100400
700 1 _aAcero P., Arturo
_97522
245 1 0 _aRación diaria y consumo de alimento de la población de Anchovia Clupeoides (Pisces: Engraulidae) en la Ciénaga Grande de Santa Marta, Caribe colombiano
651 4 _lCiétnaga Grande de Santa Marta
_992749
653 _eAnchovia Clupeoides
690 _aEstuarios
_94276
690 _aAlimentación
_995770
690 _aEcosistemas costeros
_994197
041 0 _aEspañol
044 _aColombia
942 _cARTICULO
773 1 _tBoletín de Investigaciones Marinas y Costeras
_q207-221
_d2006
_g35
999 _c16228
_d16228